000 00953nam a2200289 a 4500
001 000014721
003 DO-SdBNP
005 20250206102509.0
007 ta
008 100119s2002 dr 001 0 spa d
020 _a9993488917
040 _aDO-SdBNP
_bspa
_cBNPHU
082 4 _aRD861.44
_bM938ja
_222
100 1 _aMoya, Pastor de,
_d1965-
_97820
245 1 0 _aJardines de la lengua :
_bPesía /
_cPastor de Moya ; coordinador Juan Gelabert.
260 _aSan Francisco de Macorís, República Dominicana :
_bAngeles de Fierro,
_c2002.
300 _a96 p. ;
_c19 cm.
490 1 _aLiteraria
_v4
500 _aIncluye datos biográficos del autor en la contracubierta.
590 _aInventariado 2022/MFF
650 0 _aPoesía dominicana
_966
650 0 _aLiteratura dominicana.
_967
700 1 _aGelabert, Juan
_ecoor.
_933378
830 0 _aLiteraria
_n4
_921679
910 _aInventariado 2022/MFF/Validado, 2022/MFF
942 _2ddc
_cLBS1
999 _c14304
_d14304